| 000 | 00850nas a2200277 4500 | ||
|---|---|---|---|
| 001 | BR2011005651 | ||
| 003 | BR-BrBNA | ||
| 005 | 20231205115140.0 | ||
| 007 | ta | ||
| 008 | 230509b bl.|||p| |||| 00| 00por d | ||
| 040 |
_aBR-BrBNA _bpor _cBiblioteca Nacional de Agricultura |
||
| 041 | _a(Pt) | ||
| 072 | _aF30 | ||
| 100 | 1 | _aCancellier, L.L. | |
| 100 | 1 | _aAfférri, F.S. | |
| 100 | 1 | _aCruz, O.S. | |
| 100 | 1 | _aPeluzzio, J.M. | |
| 100 | 1 | _aMelo, A.V. de | |
| 245 | 1 | _aDesempenho de populações de milho para produção de grãos e consumo in natura no estado de Tocantins | |
| 650 | _aMILHO | ||
| 650 | _aPERFORMANCE | ||
| 650 | _aTOCANTINS | ||
| 773 | 0 |
_tRevista Ciência Agronômica (Brazil) _xISSN 0045-6888 _g(Apr-Jun 2011), v. 42(2) p. 542-553 _wBR2011005651 |
|
| 909 |
_a202311 _bLúcia _c55 _dLúcia Elande |
||
| 942 |
_2AGRIS _n0 _cANA |
||
| 999 |
_c212318 _d212318 |
||